|
|
|
|
| LEADER |
01137nam a2200253 u 4500 |
| 001 |
10095722 |
| 003 |
upatras |
| 005 |
20240723063317.0 |
| 008 |
111219s1986 gre |
| 040 |
|
|
|a GR-PaULI
|c GR-PaULI
|
| 041 |
0 |
|
|a gre
|
| 082 |
1 |
4 |
|a 822.33
|2 21 έκδ.
|
| 100 |
1 |
|
|a Shakespeare, William,
|d 1564-1616
|4 aut
|9 1474
|
| 245 |
1 |
0 |
|a Το ημέρωμα της στρίγγλας
|c Ουίλλιαμ Σαίξπηρ; εισαγωγή και μετάφραση Βασίλη Ρώτα, Βούλας Δαμιανάκου
|
| 260 |
|
|
|a Αθήνα
|b Ικαρος
|c 1986
|
| 300 |
|
|
|a 107 σ.
|c 21 εκ.
|
| 650 |
|
4 |
|9 136208
|a Αγγλικό δράμα
|
| 700 |
1 |
|
|9 3992
|a Δαμιανάκου, Βούλα,
|d 1914-2016
|4 trl
|4 aui
|
| 700 |
1 |
|
|9 2745
|a Ρώτας, Βασίλης,
|d 1889-1977
|4 trl
|4 aui
|
| 852 |
|
|
|a GR-PaULI
|b ΠΑΤΡΑ
|b ΘΕΑΤΡΟΛΟΓΙΑ
|k ΑΣΧΕ-3
|h 822.33 SHA
|m 05670
|p 025000012455
|t 1
|
| 942 |
|
|
|2 ddc
|c BK15
|
| 952 |
|
|
|0 0
|1 0
|4 0
|6 822_330000000000000_SHA
|7 0
|9 106201
|a THST
|b THST
|d 2016-04-24
|i 05670
|l 0
|o 822.33 SHA
|p 025000012455
|r 2016-04-24 00:00:00
|t 1
|w 2016-04-24
|y BK15
|
| 998 |
|
|
|c ΜΑΝΙΑ
|d 2011-12
|
| 999 |
|
|
|c 71395
|d 71395
|